Queen Victoria
محفوظ في:
| المؤلف الرئيسي: | |
|---|---|
| التنسيق: | كتاب |
| اللغة: | الإنجليزية |
| منشور في: |
Londres
Chatto & Windus
1924
|
| الطبعة: | 1a. ed |
| الموضوعات: | |
| الوسوم: |
إضافة وسم
لا توجد وسوم, كن أول من يضع وسما على هذه التسجيلة!
|
MARC
| LEADER | 00000nam a2200000 a 4500 | ||
|---|---|---|---|
| 001 | UCJ6695 | ||
| 003 | CL-VaPUC | ||
| 008 | 070124e19240000UK |||||||||||||||||eng|d | ||
| 082 | 0 | 4 | |a 923 |b VIC |2 21 |
| 100 | 0 | |a Strachey, Lytton |e author |9 513842 | |
| 245 | 1 | 0 | |a Queen Victoria |
| 250 | |a 1a. ed | ||
| 300 | |a 274 p | ||
| 942 | |c BK | ||
| 945 | |d 20070124 00:00:00 |a rinostro | ||
| 260 | |a Londres |b Chatto & Windus |c 1924 | ||
| 500 | |a Front.: Retrato de la Familia Real. Iconografía conforme al índice. Francis Charles Augustus Albert Emmanuel de Saxe Couburg Gotha es el nombre completo del Príncipe Alberto, Consorte de la Reina Victoria | ||
| 600 | 0 | 7 | |a VICTORIA, DE INGLATERRA |2 CL-VaPUC |9 509742 |
| 600 | 0 | 7 | |a SAXE COBURG GOTHA, FRANCIS CHARLES AUGUST ALBERT EMMANUEL DE |2 CL-VaPUC |9 513843 |
| 600 | 0 | 7 | |a ALBERTO, PRINCIPE CONSORTE |2 CL-VaPUC |9 513844 |
| 600 | 0 | 7 | |a PALMERSTONE, HENRY JOHN TEMPLE |2 CL-VaPUC |9 513845 |
| 650 | 7 | |a BIOGRAFIA |2 CL-VaPUC |9 504622 | |
| 650 | 0 | |a Iconografía |9 267998 | |
| 650 | 7 | |a MONARCAS INGLESES |2 CL-VaPUC |9 506933 | |
| 651 | 0 | |a Inglaterra |9 255158 | |
| 583 | |a last modification |c 20070124 00:00:00 |k Rodrigo Vera | ||
| 999 | |c 322797 |d 322795 | ||
| 952 | |0 0 |1 0 |4 0 |6 923_000000000000000_VIC_1924 |7 0 |8 X |9 401874 |a FDOBUD |b FDOBUD |d 2019-11-22 |i 1051253 |o 923 VIC 1924 |p 1051253 |r 2019-11-22 |w 2019-11-22 |y BK_X |k BUD | ||